000 00589nam a2200217Ia 4500
005 20241129110229.0
008 241129s9999||||xx |||||||||||||| ||und||
020 _a978-81-921908-3-9
037 _aTB
040 _aARTS
_beng
_cARTS
041 _aeng
_2urd
084 _aO168,1NMU:g Q2
_qARTS
100 _aMosanna Hasan Au.
245 0 _aZarrah bhar raushni
_cMosanna Hasan Au.
260 _aDelhi, India
_bAdbiyat publications
_c2012
300 _a256p.
365 _aINR
_b200
650 _aUrdu Poetry
942 _cTB
_hO168,1NMU:g Q2
999 _c1227811
_d1227811